00686nam a2200229 a 4500001001300000003000900013005001700022008004100039020001000080082001500090100002400105245006900129260003300198300000900231500003500240505002500275650003100300902000800331942000700339952009500346999001500441nice12345678IN_TiNIC20260116011615.0050524s1930 edia grp 000 0 eng  ac10000a227.1bSAN aSanday, William D D aCritical and Exegetical Commentary on the Epistle to the Romans. aEdinburghbT & T Clarkc1930 a450p aincludes index and biblioraphy2 aIndexes to the notes aBible N.T. Epistles Romans bSRS cBK 00104070aHMIbHMId2007-06-20g100.00l0o227.1 SANp3264r2007-06-20w2026-01-16yARB c2857d2857